Vainqueurs de l'Emirates FA Cup - Statistiques

Statistiques générales
  • Ce quiz a été pris 52 fois
    3 depuis la dernière actualisation
  • Le résultat moyen est 107 sur 144
Statistiques - réponses
Année Vainqueur % Correct
1930 | 1936 | 1950 | +11 others Arsenal FC
100%
1887 | 1895 | 1897 | +4 others Aston Villa
100%
1953 Blackpool FC
100%
1914 Burnley FC
100%
1970 | 1997 | 2000 | +5 others Chelsea FC
100%
2025 Crystal Palace FC
100%
1906 | 1933 | 1966 | +2 others Everton FC
100%
1972 Leeds United
100%
1965 | 1974 | 1986 | +5 others Liverpool FC
100%
1904 | 1934 | 1956 | +4 others Manchester City
100%
1909 | 1948 | 1963 | +10 others Manchester United
100%
1910 | 1924 | 1932 | +3 others Newcastle United
100%
1976 Southampton FC
100%
1901 | 1921 | 1961 | +5 others Tottenham Hotspur
100%
1964 | 1975 | 1980 West Ham United
100%
1893 | 1908 | 1949 | 1960 Wolverhampton Wanderers
100%
1883 Blackburn Olympic
67%
1884 | 1885 | 1886 | +3 others Blackburn Rovers
67%
1927 Cardiff City
67%
1946 Derby County
67%
2021 Leicester City
67%
1898 | 1959 Nottingham Forest
67%
1899 | 1902 | 1915 | 1925 Sheffield United
67%
1935 Sheffield Wednesday
67%
1937 | 1973 Sunderland AFC
67%
1896 | 1907 The Wednesday FC
67%
1923 | 1926 | 1929 | 1958 Bolton Wanderers
33%
1874 Oxford University
33%
1939 | 2008 Portsmouth FC
33%
1889 | 1938 Preston North End
33%
1888 | 1892 | 1931 | +2 others West Bromwich Albion
33%
1988 Wimbledon FC
33%
1912 Barnsley FC
0%
1911 Bradford City
0%
1900 | 1903 Bury FC
0%
1947 Charlton Athletic
0%
1880 Clapham Rovers
0%
1987 Coventry City
0%
1922 Huddersfield Town
0%
1978 Ipswich Town
0%
1894 Notts County
0%
1881 Old Carthusians
0%
1879 | 1882 Old Etonians
0%
1875 Royal Engineers
0%
1872 | 1873 | 1876 | +2 others The Wanderers
0%
2013 Wigan Athletic
0%
Aucun quiz correspondant
Distribution des résultats
% des personnes avec chaque résultat
Percentile par nombre de réponses
Votre historique - résultats
Vous n’avez pas pris ce quiz depuis la dernière actualisation